History Quiz

Random History or Biography Quiz

Historical 'M' Figures in Movies Quiz Stats

 Plays Quiz not verified by Sporcle

Support Sporcle.
Go Orange.
Score 0/20 Timer 06:00
3 Plays Today
% Correct
Freddie Mercury
97.9%
Joseph Merrick
97.9%
Rocky Marciano
97.8%
John McEnroe
97.8%
Malcolm X
97.6%
Marie Antoinette
97.3%
Wolfgang Amadeus Mozart
97%
Manolete
97%
Glenn MIller
96.7%
Mary, mother of Jesus
96.6%
% Correct
Harvey MIlk
95.4%
Mata Hari
94.4%
Moses
94.1%
Diego Armando Maradona
93.7%
Nelson Mandela
92.4%
Benito Mussolini
90.9%
MIchelangelo
86.8%
Macbeth, King of Scotland
85.1%
Thomas More
83.5%
Nicolò Machiavelli
79.8%

You're not logged in!

Compare scores with friends on all Sporcle quizzes.
OR
Log In

From the Vault

Grand Theft Auto Games

by Kicking222

In a couple years be sure to look for GTA: Sporcle Town.
Remove Ads.
Support Sporcle.
Get the best of Sporcle when you Go Orange. This ad-free experience offers more features, more stats, and more fun while also helping to support Sporcle. Thank you for becoming a member.

Show Comments

Extras

Top Quizzes Today


Score Distribution

Your Account Isn't Verified!

In order to create a playlist on Sporcle, you need to verify the email address you used during registration. Go to your Sporcle Settings to finish the process.

Report this User

Report this user for behavior that violates our Community Guidelines.

Details: